Postaw na milion 204 - Statystyki

Ogólne statystyki
  • Ten quiz został rozwiązany 10 razy
  • Średni wynik to 6 z 11
Statystyki odpowiedzi
Zagadnienie Odpowiedź % Poprawnych
Specjalista od zachowań zwierząt, który pomaga w wychowaniu psa, to psi: behawiorysta
100%
"Jeśli ktoś Kalemu zabrać krowy to jest zły człowiek. Dobry, to jak Kali zabrać komuś krowy". To słowa z powieści: W pustyni i puszczy
100%
Który ze skoków w łyżwiarstwie figurowym jest oceniany najwyżej? axel
70%
Cytron to gatunek cytrusa. Jedna z jego odmian to: ręka Buddy
60%
Według Biblii żona Lota nie posłuchała ostrzeżenia Boga, aby nie oglądać się za siebie. Za karę została zamieniona w: słup soli
60%
Kto zagrał główną męską rolę w filmie "Narodziny gwiazdy"? Bradley Cooper
50%
Co to jest wams? dawny męski kaftan
50%
Ośmiornica z gatunku Octopus wolfi słynie z tego, że: jest najmniejsza na świecie
50%
Nurnik zwyczajny jest: ptakiem
40%
Który z 3 wieszczów narodowych żył najdłużej? Adam Mickiewicz
20%
Według GUSu co trzecie zawarte małżeństwo kończy się rozwodem. Średnio po ilu latach od ślubu? 13
10%
Nie znaleziono quizów pasujących do podanych kryteriów
Rozkład punktacji
Procent ludzi z każdym wynikiem
Percentyl według liczby udzielonych odpowiedzi
Twoja historia wyników
Nie rozwiązałeś tego quizu